| 000 | 00892nam a2200265 4500 | ||
|---|---|---|---|
| 999 |
_c128974 _d128974 |
||
| 001 | 3611577 | ||
| 003 | ARRUPE | ||
| 005 | 20190213090904.0 | ||
| 008 | 701015s1970 sa ab b 001 0 eng | ||
| 010 | _a 72498720 | ||
| 015 | _aSANB*** | ||
| 040 |
_aDLC _cDLC _dDLC |
||
| 043 | _afs----- | ||
| 050 | 0 | 0 |
_aSPC. N5310.5.S6 _bL4 |
| 100 | 1 |
_aLee, D. Neil. _944576 |
|
| 245 | 1 | 0 |
_aArt on the rocks of Southern Africa _c[by] D. N. Lee and H. C. Woodhouse. Drawings by Marion Didcott. |
| 260 |
_aCape Town, _bPurnell _c[1970] |
||
| 300 |
_a165 p. _billus. (part col.), map (on lining papers) _c30 cm. |
||
| 350 | _a10.00 | ||
| 504 | _aBibliography: p. 164-165. | ||
| 650 | 0 |
_aArt, Prehistoric _zAfrica, Southern. _943945 |
|
| 700 | 1 |
_aWoodhouse, H. C., _d1919- _ejoint author. _944350 |
|
| 700 | 1 |
_aDidcott, Marion, _eillus. _944577 |
|
| 906 |
_a7 _bcbc _corignew _d4 _encip _f19 _gy-gencatlg |
||
| 942 |
_2lcc _cMONOGRAPH |
||